Píldoras publicitarias (Record no. 148324)

MARC details
000 -LEADER
campo de control de longitud fija 00803nam a2200217 i 4500
001 - NÚMERO DE CONTROL
campo de control 148324
003 - IDENTIFICADOR DE NÚMERO DE CONTROL
campo de control ES-MaACL
005 - FECHA Y HORA DE LA ÚLTIMA TRANSACCIÓN
campo de control 20230906202545.0
007 - CAMPO FIJO DE DESCRIPCIÓN FÍSICA--INFORMACIÓN GENERAL
campo de control de longitud fija t|
008 - DATOS DE LONGITUD FIJA--INFORMACIÓN GENERAL
campo de control de longitud fija 070214s1969 sp a |||| | spa d
100 1# - ENTRADA PRINCIPAL--NOMBRE DE PERSONA
Nombre de persona Stebbins, Hal.
9 (RLIN) 107965
245 10 - MENCIÓN DEL TÍTULO
Título Píldoras publicitarias
Resto del título : una guía estimulante para los que trabajan con palabras /
Mención de responsabilidad, etc. Hal Stebbins ; versión de Octavio Freixas Ortega, Enrique Roma Sáinz de la Maza ; revisión y presentación de Jorge Garriga Puig.
250 ## - MENCION DE EDICION
Mención de edición 1ª ed.
260 ## - PUBLICACIÓN, DISTRIBUCIÓN, ETC.
Lugar de publicación, distribución, etc. Barcelona :
Nombre del editor, distribuidor, etc. Oikos-Tau,
Fecha de publicación, distribución, etc. 1969.
300 ## - DESCRIPCIÓN FÍSICA
Extensión 220 p. :
Otras características físicas il. ;
Dimensiones 22 cm.
650 04 - PUNTO DE ACCESO ADICIONAL DE MATERIA--TÉRMINO DE MATERIA
Término de materia o nombre geográfico como elemento de entrada Publicidad.
9 (RLIN) 16609
700 1# - ENTRADA AGREGADA--NOMBRE PERSONAL
Nombre de persona Freixas Ortega, Octavio.
9 (RLIN) 52488
700 1# - ENTRADA AGREGADA--NOMBRE PERSONAL
Nombre de persona Roma Sáinz de la Maza, Enrique.
9 (RLIN) 99200
700 1# - ENTRADA AGREGADA--NOMBRE PERSONAL
Nombre de persona Garriga Puig, Jorge.
9 (RLIN) 55745
852 ## - LOCALIZACIÓN
Ubicación ES-MaACL
Número de control de estantería C-47808
Holdings
Estatus retirado Estado de pérdida Estado de daño No para préstamo Biblioteca de origen Biblioteca actual Ubicación en estantería Fecha de adquisición Fuente de adquisición Total de préstamos Signatura topográfica completa Código de barras Visto por última vez Precio de reemplazo Tipo de ítem Koha
        Biblioteca del Ateneo de Madrid Biblioteca del Ateneo de Madrid Depósito 2 17/01/2008     C-47808 1154792 23/02/2023 23/02/2023 Libro impreso